ARRUPE JESUIT UNIVERSITY

CORONAVIRUS -STOP THE SPREAD - CLEAN,DISINFECT,COVER

Bread from heaven (Record no. 119974)

MARC details
000 -LEADER
fixed length control field 00419nam a22001337a 4500
005 - DATE AND TIME OF LATEST TRANSACTION
control field 20140206112933.0
008 - FIXED-LENGTH DATA ELEMENTS--GENERAL INFORMATION
fixed length control field 140206b xxu||||| |||| 00| 0 eng d
050 ## - LIBRARY OF CONGRESS CALL NUMBER
Classification number BV2623.
Item number C523 1994
100 ## - MAIN ENTRY--PERSONAL NAME
Personal name Chervin, Ronda
9 (RLIN) 8072
245 ## - TITLE STATEMENT
Title Bread from heaven
Remainder of title stories of Jews who formed the Messiah
Statement of responsibility, etc Chervin, Ronda
260 ## - PUBLICATION, DISTRIBUTION, ETC. (IMPRINT)
Place of publication, distribution, etc Kentucky
Name of publisher, distributor, etc Remnant of Israel
Date of publication, distribution, etc 1994
300 ## - PHYSICAL DESCRIPTION
Extent xii, 195p.;
Dimensions 22cm.
942 ## - ADDED ENTRY ELEMENTS (KOHA)
Source of classification or shelving scheme Library of Congress Classification
Item type Monograph ( Printed materials)
Holdings
Withdrawn status Lost status Source of classification or shelving scheme Damaged status Not for loan Collection code Home library Current library Shelving location Date acquired Total Checkouts Full call number Barcode Date last seen Price effective from Koha item type
    Library of Congress Classification     Main Collection ARRUPE LIBRARY ARRUPE LIBRARY Main Collection 06/02/2014   BV2623. C523 1994 464123452 24/01/2017 06/02/2014 Monograph ( Printed materials)

 

Arrupe Library. PO Box MP320 Mt Pleasant, Harare, Zimbabwe
263 242 745411|librarian@aju.ac.zw